000 005600000a22001810004500
003 MACL
005 20160219112029.0
008 160219b xxu||||| |||| 00| 0 eng d
040 _aMACL
_cMACL
041 _aHindi
082 _a400
100 _aवर्मा डॉ. नरेंद्र देव
_938805
245 _aछत्‍तीसगढी भाषा का उदविकास
260 _bरचना प्रकाशन
_c1979
_aइलाहाबाद
350 _a50
650 _aLanguage
_938972
942 _cHIN
_k400
_2ddc
999 _c28129
_d28129